01017nam a22002537a 4500999001300000001000500013003000900018005001700027008004100044020001500085040002300100082002000123100002200143245017600165260006100341300004100402490005300443504005100496650003100547650003400578700002100612942001200633952011800645 c506d5066971BD-DhUAP20200123100521.0200123r20032000ii a b 001 0 eng d a8178085941 aDLCcDLCdBD-DhUAP00223a410.285 JUR1 aJurafsky, Daniel.10aSpeech and language processing :ban introduction to natural language processing, computational linguistics, and speech recognition /cDaniel Jurafsky and James H. Martin. aNew Delhi :bPearson Education,cc2000 [Reprinted 2003]. a908 pages :billustrations ;c25 cm.0 aPrentice Hall series in artificial intelligence. aIncludes bibliographical references and index. 0aComputational linguistics. 0aAutomatic speech recognition.1 aMartin, James H. 2ddccBK 00102ddc4070aUAPCLbUAPCLcGeneral Stacksd2020-01-23o410.285 JURp3010006971r2020-01-23t1w2020-01-23yBK